| 000 | 00892nam a2200277Ia 4500 | ||
|---|---|---|---|
| 003 | GCL | ||
| 008 | 140319s9999 xx 000 0 ara d | ||
| 040 |
_aGCL / _cGCL |
||
| 082 | 0 | 4 |
_aهـ _b521 _bط ت |
| 100 | 1 | _aعباس سليمان | |
| 245 | 1 | 0 |
_aالتذكرة فى علم الريئة مع دراسة الاسهامات الطوسى الفلكية / _cعباس سليمان |
| 700 | 1 | _aالطوسى نصيرالدين ابوجعفر محم | |
| 260 |
_a[S.N] : _bدار سعاد الصباح ، _c1991 |
||
| 300 | _a325 ص | ||
| 490 | _a | ||
| 650 | 0 | 4 | _aالفلك |
| 650 | 0 | 4 | _aالعلوم عند العرب |
| 650 | 0 | 4 | _aالحضارة الاسلامية |
| 650 | 0 | 4 | _aالكون |
| 650 | 0 | 4 | _aالبروتستانت |
| 650 | 0 | 4 | _aالكواكب |
| 650 | 0 | 4 | _aالفضاء الخارجى |
| 650 | 0 | 4 | _aالمجرات |
| 650 | 0 | 4 | _aالبروج |
| 942 |
_2ddc _cBK |
||
| 999 |
_c36185 _d36185 |
||